00298 2200133 4500001002100000005001500021035002000036245004100056300000700097260002800104082000800132084001200140990001200152INLIS00000000000221820250527014900 a0010-0525000510 aBank Soal UAN Matematika SMA /cAIPI a60 bIndonesia Cerdas,c2007 a510 a510 BAN a0713261